000 00955nam a2200313 a 4500
001 22567
003 SK-KTurca
005 20260401131105.0
008 111122s2007 xo oc g 000 0 slo d
020 _a8096957341 (brož.)
035 _a(SVKBBclas03)vtls000279248
040 _aSVKBB
_bslo
_cUKB
_eAACR2
041 0 _aslo
044 _axo
_cSK
072 7 _a821.162.4-3
_xSlovenská próza
_2konspekt
080 _a821.162.4-3
_22001
080 _a(0:82-3)
_22001
100 1 _aBanášová, Adela,
_d1980-
245 1 0 _aVeci, o ktorých viete pomerne málo
_b(receptáriky)
_cAdela Banášová, Matej "Sajfa" Cifra ; [ilustrácie Kazo Kanala]
250 _a2. vyd.
260 _aBratislava
_bKelion
_c2007
300 _a[2] s. portr., 125 s.
_bil., portr.
653 _a821.162.4-3
653 _a(0:82-3)
655 7 _aslovenské prózy
_2UKBPH
700 1 _aCifra, Matej,
_d1979-
_4aut
700 1 _aKanala, Kazo
_4ill
942 _2ddc
_cKLDO
_n0
999 _c22567
_d22567